| 000 | 00353nam a2200145Ia 4500 | ||
|---|---|---|---|
| 008 | 150201s2005 xx 000 0 und d | ||
| 082 |
_a610 _bS2005I |
||
| 100 | _aI.S.A. | ||
| 245 | _aSPORTS & GAMES : RULES & SKILL | ||
| 250 | _a10TH | ||
| 260 |
_bPANKAJ PUBLICATION _aDELHI _c2005 |
||
| 300 | _a1-448 | ||
| 650 | _aGENERAL DENTISTRY | ||
| 942 |
_2ddc _cBK |
||
| 999 |
_c3479 _d3479 |
||